[Event "RLP Seniors op 17th"]
[Site "Neustadt an der Weinstrasse"]
[Date "2019.07.23"]
[Round "4"]
[White "Laber, Dietrich"]
[Black "Hennrich, Reinhard"]
[Result "0-1"]
[WhiteElo "1711"]
[BlackElo "1845"]
[PlyCount "50"]
[EventDate "2019.07.20"]
[EventType "swiss"]
[EventRounds "9"]
[EventCountry "GER"]
[SourceTitle "CBM 192 Extra"]
[Source "Chessbase"]
[SourceDate "2019.11.06"]
[SourceVersion "1"]
[SourceVersionDate "2019.11.06"]
[SourceQuality "1"]

1. Nf3 d5 2. d4 e6 3. e3 Nf6 4. Bd3 Bd6 5. c3 Nbd7 6. Nbd2 0-0 7. e4 e5 8. dxe5 Nxe5 9. Nxe5 Bxe5 10. 0-0 Bg4 11. f3 dxe4 12. Nxe4 Nxe4 13. Bxe4 Bc8 14. Qc2 f5 15. Qb3+ Kh8 16. Bc2 f4 17. Qb5 Qg5 18. Qe2 Bd6 19. Bd2 Bd7 20. Be1 Rae8 21. Qd2 Bb5 22. Bd3 Rd8 23. Bf2 Be7 24. Bd4 Bxd3 25. Qxd3 c5 0-1

[Event "Rheinland Pfalz op Seniors 16th"]
[Site "Neustadt an der Weinstrasse"]
[Date "2018.07.15"]
[Round "9"]
[White "Hennrich, Reinhard"]
[Black "Duijker, Bert"]
[Result "1/2-1/2"]
[WhiteElo "1836"]
[BlackElo "1874"]
[PlyCount "25"]
[EventDate "2018.07.07"]
[EventType "swiss"]
[EventRounds "9"]
[EventCountry "GER"]
[SourceTitle "EXT 2019"]
[Source "ChessBase"]
[SourceDate "2018.10.10"]
[SourceVersion "1"]
[SourceVersionDate "2018.10.10"]
[SourceQuality "1"]

1. b3 d5 2. e3 Nd7 3. f4 Ngf6 4. Bb2 e6 5. Nf3 Be7 6. Be2 0-0 7. 0-0 c5 8. Qe1 Ne4 9. d3 Bf6 10. Bxf6 Nexf6 11. Ne5 Qc7 12. Qg3 b5 13. Nd2 1/2-1/2

[Event "Rheinland Pfalz op Seniors 13th"]
[Site "Neustadt an der Weinstrasse"]
[Date "2015.07.10"]
[Round "1"]
[White "Hennrich, Reinhard"]
[Black "Hassenrueck, Helmut"]
[Result "0-1"]
[WhiteElo "1838"]
[BlackElo "2240"]
[PlyCount "118"]
[EventDate "2015.07.10"]
[EventType "swiss"]
[EventRounds "7"]
[EventCountry "GER"]
[SourceTitle "EXT 2019"]
[Source "ChessBase"]
[SourceDate "2018.10.10"]
[SourceVersion "1"]
[SourceVersionDate "2018.10.10"]
[SourceQuality "1"]

1. d4 Nf6 2. Nf3 e6 3. c4 c5 4. e3 d5 5. cxd5 exd5 6. Nc3 Nc6 7. Be2 cxd4 8. exd4 Bd6 9. Bg5 Be6 10. Qb3 0-0 11. 0-0 h6 12. Bh4 g5 13. Bg3 g4 14. Ne5 Nxd4 15. Qxb7 Ne4 16. Nc6 Nxc6 17. Qxc6 Rc8 18. Qa6 Nxg3 19. hxg3 Qb6 20. Qd3 Qxb2 21. Nxd5 Rfd8 22. Rab1 Qe5 23. Rb5 Qg7 24. Qe4 Bc5 25. Nf4 Bd7 26. Rxc5 Rxc5 27. Qe7 Qf8 28. Qh4 Re8 29. Qf6 Rc6 30. Qd4 Qd6 31. Qxa7 Rc7 32. Qa5 Re5 33. Qa8+ Rc8 34. Qb7 Rb8 35. Qa7 Rb2 36. Rd1 Rd2 37. Rxd2 Qxd2 38. Qa8+ Kg7 39. Qd8 Qe1+ 40. Kh2 Bc6 41. Bxg4 Qxf2 42. Qd6 Qc5 43. Qc7 Kg8 44. Qd8+ Re8 45. Qf6 Re1 46. Qd8+ Be8 47. Nh3 Qe5 48. Qb6 Qe3 49. Qf6 Qc1 50. Nf2 Qg5 51. Qf3 Re3 52. Qa8 Qe5 53. Nh1 Kg7 54. Bf3 Bd7 55. Nf2 h5 56. Qd8 Bc6 57. Nd1 Rxf3 58. gxf3 Bxf3 59. Qd2 h4 0-1

[Event "Rheinland Pfalz op Seniors 11th"]
[Site "Neustadt an der Weinstrasse"]
[Date "2013.07.17"]
[Round "6"]
[White "Van Houten, Henk"]
[Black "Hennrich, Reinhard"]
[Result "0-1"]
[WhiteElo "1559"]
[BlackElo "1692"]
[PlyCount "53"]
[EventDate "2013.07.12"]
[EventType "swiss"]
[EventRounds "7"]
[EventCountry "GER"]
[SourceTitle "EXT 2019"]
[Source "ChessBase"]
[SourceDate "2018.10.10"]
[SourceVersion "1"]
[SourceVersionDate "2018.10.10"]
[SourceQuality "1"]

1. b3 d5 2. Bb2 Nd7 3. Nf3 Ngf6 4. e3 g6 5. c4 c6 6. Nc3 dxc4 7. bxc4 Bg7 8. Qc2 0-0 9. d4 Re8 10. Bd3 e5 11. 0-0 Qe7 12. Nd2 Nh5 13. dxe5 Nxe5 14. Be2 Ng4 15. Bxg4 Bxg4 16. Rae1 Bf5 17. e4 Bg4 18. Ne2 Bxe2 19. Rxe2 Nf4 20. Re3 Bh6 21. Qc3 f6 22. Qxf6 Qxf6 23. Bxf6 Nh5 24. Rf3 Nxf6 25. Rxf6 Bxd2 26. Rd6 Rad8 27. e5 0-1

[Event "Rhein Main op 13th"]
[Site "Bad Homburg"]
[Date "2010.06.04"]
[Round "4"]
[White "Toenniges, Thomas"]
[Black "Hennrich, Reinhard"]
[Result "1-0"]
[WhiteElo "2105"]
[BlackElo "1821"]
[PlyCount "65"]
[EventDate "2010.06.02"]
[EventType "swiss"]
[EventRounds "7"]
[EventCountry "GER"]
[SourceTitle "EXT 2011"]
[Source "ChessBase"]
[SourceDate "2010.11.26"]
[SourceVersion "1"]
[SourceVersionDate "2010.11.26"]
[SourceQuality "1"]

1. e4 c5 2. Nf3 Nc6 3. d4 cxd4 4. Nxd4 Nf6 5. Nc3 d6 6. Be2 e6 7. Be3 Be7 8. g4 0-0 9. g5 Ne8 10. h4 Nxd4 11. Qxd4 a6 12. 0-0-0 Bd7 13. f4 Bc6 14. Rhg1 Qa5 15. Kb1 Rc8 16. f5 exf5 17. exf5 Nc7 18. f6 Bd8 19. fxg7 Re8 20. Bg4 Ne6 21. Qd2 Be7 22. Rdf1 Qe5 23. Bxe6 Qxe6 24. Bd4 b5 25. g6 fxg6 26. Re1 Qf5 27. Rgf1 Qd7 28. Qf4 Qf5 29. Qg3 Qd7 30. Ne4 Bxe4 31. Rxe4 Qc6 32. Qf2 Qd5 33. Rxe7 1-0

[Event "Dresden ZMD op"]
[Site "Dresden"]
[Date "2009.07.29"]
[Round "5"]
[White "Nohr, Jonas"]
[Black "Hennrich, Reinhard"]
[Result "1-0"]
[WhiteElo "2066"]
[BlackElo "1840"]
[PlyCount "89"]
[EventDate "2009.07.25"]
[EventType "swiss"]
[EventRounds "9"]
[EventCountry "GER"]
[SourceTitle "CBM 131 Extra"]
[Source "ChessBase"]
[SourceDate "2009.09.03"]
[SourceVersion "2"]
[SourceVersionDate "2009.09.16"]
[SourceQuality "1"]

1. Nf3 Nf6 2. c4 e6 3. g3 d5 4. Bg2 Bd6 5. 0-0 0-0 6. cxd5 exd5 7. Qb3 c6 8. d3 Nbd7 9. Nc3 Nc5 10. Qc2 Bg4 11. b4 Ne6 12. Rb1 Rc8 13. Bd2 a6 14. Qb2 b5 15. e4 dxe4 16. dxe4 Bxf3 17. Bxf3 Nd4 18. Bg2 Be5 19. Be3 Ng4 20. Qd2 Qf6 21. Bxd4 Bxd4 22. Nd1 Rcd8 23. Qe2 Qg5 24. h3 Ne5 25. Kh2 Nc4 26. f4 Qh6 27. Nf2 Bxf2 28. Rxf2 Rd2 29. Qe1 Rfd8 30. Rxd2 Rxd2 31. Rd1 Qd6 32. Rxd2 Nxd2 33. Qc1 Nc4 34. Qc3 f6 35. Bf1 Qe6 36. Qd4 h6 37. a4 Nd6 38. axb5 cxb5 39. Bg2 Kf8 40. Qb6 g5 41. Qxa6 Qe7 42. Qa8+ Kg7 43. Qd5 Qc7 44. e5 fxe5 45. Qxe5+ 1-0

[Event "Dresden ZMD op"]
[Site "Dresden"]
[Date "2009.07.25"]
[Round "1"]
[White "Lubbe, Melanie"]
[Black "Hennrich, Reinhard"]
[Result "1-0"]
[WhiteElo "2302"]
[BlackElo "1840"]
[PlyCount "67"]
[EventDate "2009.07.25"]
[EventType "swiss"]
[EventRounds "9"]
[EventCountry "GER"]
[SourceTitle "CBM 131 Extra"]
[Source "ChessBase"]
[SourceDate "2009.09.03"]
[SourceVersion "2"]
[SourceVersionDate "2009.09.16"]
[SourceQuality "1"]

1. e4 c5 2. Nf3 d6 3. d4 cxd4 4. Nxd4 Nf6 5. Nc3 a6 6. Be2 e6 7. 0-0 Be7 8. f4 0-0 9. a4 Nc6 10. Be3 Bd7 11. Kh1 Rc8 12. Qe1 Qc7 13. Qg3 Qb8 14. Rad1 Rfd8 15. Nf3 b5 16. axb5 axb5 17. e5 Ne8 18. Nxb5 d5 19. b3 Na5 20. Nbd4 Nc6 21. Nxc6 Rxc6 22. Nd4 Rc7 23. Bd3 f5 24. exf6 Nxf6 25. f5 e5 26. Qxe5 Ng4 27. Qxd5+ Kh8 28. Bf4 Be8 29. Qe4 Bd6 30. Bxd6 Rxd6 31. Qxg4 Rh6 32. Qg3 Qb7 33. Rde1 Bc6 34. Nxc6 1-0

[Event "Karl Mala Memorial op 12th"]
[Site "Frankfurt"]
[Date "2009.07.17"]
[Round "2"]
[White "Koch, Thomas"]
[Black "Hennrich, Reinhard"]
[Result "1-0"]
[WhiteElo "2446"]
[BlackElo "1840"]
[PlyCount "119"]
[EventDate "2009.07.16"]
[EventType "swiss"]
[EventRounds "7"]
[EventCountry "GER"]
[SourceTitle "EXT 2010"]
[Source "ChessBase"]
[SourceDate "2010.11.25"]
[SourceVersion "1"]
[SourceVersionDate "2010.11.25"]
[SourceQuality "1"]

1. e4 c5 2. f4 d6 3. Nf3 Nc6 4. c3 Nf6 5. d3 g6 6. g3 Bg7 7. Bg2 0-0 8. 0-0 Ng4 9. h3 Nf6 10. Qe1 Ne8 11. Be3 Qc7 12. Nbd2 b5 13. Rd1 a5 14. d4 cxd4 15. Nxd4 Nxd4 16. cxd4 Bb7 17. Rc1 Qd7 18. Qe2 Nf6 19. g4 Rfc8 20. g5 Ne8 21. Kh2 Rc7 22. Rc3 Ba6 23. Rfc1 Rxc3 24. bxc3 Rc8 25. Qd3 Nc7 26. d5 b4 27. c4 Qa4 28. Qb3 Qxb3 29. axb3 Bc3 30. Nb1 Bb2 31. Rc2 Bg7 32. Bb6 Bb7 33. Bxa5 Na6 34. Bb6 Nc5 35. Bxc5 dxc5 36. Ra2 Ra8 37. Rxa8+ Bxa8 38. e5 Kf8 39. d6 exd6 40. Bxa8 dxe5 41. fxe5 Bxe5+ 42. Kg2 Bf4 43. h4 Ke7 44. Kf3 Bc1 45. Ke2 Bf4 46. Nd2 Bg3 47. Nf3 f6 48. gxf6+ Kxf6 49. Be4 h6 50. Ke3 Bd6 51. Bb7 Bg3 52. Ke4 Bf2 53. Bc8 Bg3 54. Kd5 Bf2 55. Bg4 Ke7 56. h5 Kf6 57. hxg6 Kxg6 58. Ne5+ Kg5 59. Bc8 h5 60. Nd3 1-0

[Event "Rhein Main op 12th"]
[Site "Bad Homburg"]
[Date "2009.06.11"]
[Round "2"]
[White "Hennrich, Reinhard"]
[Black "Berg, Rainer"]
[Result "1-0"]
[WhiteElo "1856"]
[BlackElo "1537"]
[PlyCount "97"]
[EventDate "2009.06.10"]
[EventType "swiss"]
[EventRounds "7"]
[EventCountry "GER"]
[SourceTitle "CBM 131 Extra"]
[Source "ChessBase"]
[SourceDate "2009.09.03"]
[SourceVersion "2"]
[SourceVersionDate "2009.09.16"]
[SourceQuality "1"]

1. d4 Nf6 2. Nf3 d5 3. c4 dxc4 4. Nc3 c6 5. a4 a5 6. e4 Be6 7. h3 Na6 8. Ng5 Qd7 9. f4 g6 10. Nf3 0-0-0 11. Be3 Bg7 12. Ne5 Qc7 13. g4 Rhf8 14. Nxc4 Bxc4 15. Bxc4 Nc5 16. Qf3 Ncd7 17. Rc1 e6 18. 0-0 Kb8 19. Na2 Qb6 20. b4 axb4 21. Rb1 Qa5 22. Nxb4 Qxa4 23. Rfc1 Kc7 24. Nxc6 bxc6 25. Bb5 Qa8 26. d5 exd5 27. exd5 Nxd5 28. Qxd5 Nb8 29. Qc5 Rd6 30. Qb6+ Kd7 31. Bc5 Rd5 32. Ra1 Bxa1 33. Bc4 Rxc5 34. Qxc5 Bg7 35. Rd1+ Kc7 36. Qd6+ Kc8 37. Kg2 Qb7 38. Be2 Qd7 39. Qb4 Qb7 40. Qa5 Bf6 41. g5 c5+ 42. Bf3 Qb2+ 43. Kg3 Bd4 44. Rd2 Qc3 45. Qa2 Rd8 46. Re2 f5 47. Re7 c4 48. Qxc4+ Nc6 49. Qa6+ 1-0

[Event "RLP-ch MTB 27th"]
[Site "Hoeheinoed"]
[Date "2008.06.27"]
[Round "1"]
[White "Hennrich, Reinhard"]
[Black "Ludy, Klaus"]
[Result "0-1"]
[WhiteElo "1864"]
[BlackElo "2128"]
[PlyCount "50"]
[EventDate "2008.06.27"]
[EventType "swiss"]
[EventRounds "7"]
[EventCountry "GER"]
[SourceTitle "EXT 2009"]
[Source "ChessBase"]
[SourceDate "2008.11.26"]
[SourceVersion "1"]
[SourceVersionDate "2008.11.26"]
[SourceQuality "1"]

1. d4 d5 2. Nf3 Nf6 3. c4 e6 4. Nc3 c6 5. e3 Nbd7 6. Bd3 a6 7. 0-0 dxc4 8. Bxc4 b5 9. Bd3 c5 10. Re1 Bb7 11. a3 Be7 12. b3 0-0 13. Bb2 Qb6 14. Rc1 Rfd8 15. Qe2 Bxf3 16. gxf3 cxd4 17. exd4 Qxd4 18. Nxb5 Qf4 19. Kh1 axb5 20. Rg1 Bxa3 21. Bxa3 Rxa3 22. Bxb5 Rxb3 23. Rgd1 Nf8 24. Bc6 Rxd1+ 25. Rxd1 Rc3 0-1

[Event "Ludwigshafen-ch 21st"]
[Site "Ludwigshafen"]
[Date "2007.09.08"]
[Round "7"]
[White "Hennrich, Reinhard"]
[Black "Beyer, Thomas"]
[Result "1-0"]
[WhiteElo "1873"]
[BlackElo "1539"]
[PlyCount "47"]
[EventDate "2007.08.25"]
[EventType "swiss"]
[EventRounds "7"]
[EventCountry "GER"]
[SourceTitle "EXT 2008"]
[Source "ChessBase"]
[SourceDate "2007.11.25"]
[SourceVersion "1"]
[SourceVersionDate "2007.11.25"]
[SourceQuality "1"]

1. d4 d5 2. c4 Nf6 3. cxd5 Nxd5 4. e4 Nf6 5. Nc3 e6 6. Nf3 Be7 7. Bd3 b6 8. Bf4 a6 9. Rc1 0-0 10. 0-0 Bb7 11. Re1 Nbd7 12. h3 c5 13. d5 exd5 14. exd5 Re8 15. Ng5 g6 16. Qb3 Nxd5 17. Nxf7 Kxf7 18. Nxd5 Bxd5 19. Qxd5+ Kg7 20. Bc4 b5 21. Qf7+ Kh8 22. Bd5 Bf6 23. Bxa8 Rxe1+ 24. Rxe1 1-0

[Event "RLP-ch MTB 26th"]
[Site "Ludwigshafen"]
[Date "2007.07.18"]
[Round "3"]
[White "Hennrich, Reinhard"]
[Black "Meng, Pascal"]
[Result "1/2-1/2"]
[WhiteElo "1873"]
[BlackElo "1313"]
[PlyCount "87"]
[EventDate "2007.07.13"]
[EventType "swiss"]
[EventRounds "7"]
[EventCountry "GER"]
[SourceTitle "EXT 2009"]
[Source "ChessBase"]
[SourceDate "2008.11.26"]
[SourceVersion "1"]
[SourceVersionDate "2008.11.26"]
[SourceQuality "1"]

1. d4 Nf6 2. Nf3 d5 3. c4 e6 4. Nc3 Bb4 5. Qc2 0-0 6. Bg5 c6 7. a3 Bxc3+ 8. bxc3 h6 9. Bh4 Nbd7 10. cxd5 exd5 11. e3 Re8 12. Bd3 Nf8 13. h3 Be6 14. 0-0 N8d7 15. e4 dxe4 16. Bxe4 Qc7 17. Bg3 Qd8 18. Bd3 Bd5 19. Ne5 Nh5 20. Bh2 Nxe5 21. dxe5 Qh4 22. Rab1 c5 23. f4 c4 24. Be4 Bxe4 25. Qxe4 Ng3 26. Bxg3 Qxg3 27. Rf3 Qg6 28. f5 Qc6 29. Qe3 Red8 30. Rf2 Rd3 31. Qf4 Rxc3 32. f6 g5 33. Qg4 Kh7 34. Rd1 Rd3 35. Rc1 Rc8 36. Rfc2 Qc5+ 37. Kh1 Rd4 38. Qf5+ Kg8 39. Re2 Rcd8 40. Qc2 Qxa3 41. Rce1 Qd3 42. Qa2 a6 43. e6 fxe6 44. Rxe6 1/2-1/2

[Event "RLP-ch MTB 26th"]
[Site "Ludwigshafen"]
[Date "2007.07.15"]
[Round "4"]
[White "Roelle, Philipp"]
[Black "Hennrich, Reinhard"]
[Result "1/2-1/2"]
[WhiteElo "1157"]
[BlackElo "1873"]
[PlyCount "51"]
[EventDate "2007.07.13"]
[EventType "swiss"]
[EventRounds "7"]
[EventCountry "GER"]
[SourceTitle "EXT 2009"]
[Source "ChessBase"]
[SourceDate "2008.11.26"]
[SourceVersion "1"]
[SourceVersionDate "2008.11.26"]
[SourceQuality "1"]

1. e4 c5 2. Nf3 d6 3. Bb5+ Bd7 4. Bxd7+ Qxd7 5. 0-0 Nc6 6. Nc3 Nf6 7. d4 cxd4 8. Nxd4 g6 9. Nxc6 Qxc6 10. Re1 Bg7 11. Nd5 Rc8 12. c3 Nxd5 13. exd5 Qd7 14. Bg5 f6 15. Bh4 0-0 16. h3 Rc5 17. Qd3 Re8 18. Red1 a5 19. a3 Qa4 20. Bg3 Rf8 21. Qe2 Rf7 22. Rd4 Qd7 23. Rdd1 f5 24. f3 Qb5 25. Qd2 Qd7 26. Bf2 1/2-1/2

[Event "Karl Mala Memorial op 10th"]
[Site "Griesheim"]
[Date "2006.07.23"]
[Round "7"]
[White "Goebel, Constantin"]
[Black "Hennrich, Reinhard"]
[Result "1-0"]
[WhiteElo "1645"]
[BlackElo "1917"]
[PlyCount "87"]
[EventDate "2006.07.20"]
[EventType "swiss"]
[EventRounds "7"]
[EventCountry "GER"]
[SourceTitle "CBM 113 Extra"]
[Source "ChessBase"]
[SourceDate "2006.09.14"]
[SourceVersion "1"]
[SourceVersionDate "2006.09.14"]
[SourceQuality "1"]

1. e4 c5 2. Nf3 d6 3. d4 cxd4 4. Nxd4 Nf6 5. Nc3 a6 6. Be3 e6 7. Be2 Be7 8. 0-0 0-0 9. f4 Qc7 10. Kh1 Nc6 11. Bf3 Rb8 12. Qe1 Nxd4 13. Bxd4 b5 14. a3 Qc4 15. Qf2 Bb7 16. Rad1 Ba8 17. Be2 Qc7 18. Qg3 g6 19. Bd3 Nh5 20. Qf2 f5 21. e5 Qb7 22. Rg1 Rbc8 23. Be2 dxe5 24. Bxe5 Nf6 25. Bf3 Rc6 26. Bxc6 Qxc6 27. Bd4 Ng4 28. Qe2 Bc5 29. h3 Bxd4 30. Rxd4 Nf6 31. Rgd1 Qe8 32. Rd8 Qc6 33. R8d6 Qe8 34. Rxe6 Qb8 35. Qe5 Qb7 36. Qe2 Qb8 37. Rxa6 Qxf4 38. Rxa8 Rxa8 39. Qe6+ Kg7 40. Qe7+ Kh6 41. Qxf6 Kh5 42. g4+ Kh6 43. Qh4+ Kg7 44. Rd7+ 1-0

[Event "Karl Mala Memorial op 10th"]
[Site "Griesheim"]
[Date "2006.07.23"]
[Round "6"]
[White "Hennrich, Reinhard"]
[Black "Mueller, Markus"]
[Result "0-1"]
[WhiteElo "1917"]
[BlackElo "2167"]
[PlyCount "70"]
[EventDate "2006.07.20"]
[EventType "swiss"]
[EventRounds "7"]
[EventCountry "GER"]
[SourceTitle "CBM 113 Extra"]
[Source "ChessBase"]
[SourceDate "2006.09.14"]
[SourceVersion "1"]
[SourceVersionDate "2006.09.14"]
[SourceQuality "1"]

1. d4 e6 2. c4 Nf6 3. Nc3 Bb4 4. Qc2 0-0 5. e3 b6 6. Bd3 Bb7 7. f3 c5 8. Bd2 Nc6 9. Nge2 Rc8 10. a3 cxd4 11. exd4 Be7 12. Qd1 d5 13. cxd5 Nxd5 14. Nxd5 Qxd5 15. Be4 Qd7 16. Bc3 Rfd8 17. Qb3 Bh4+ 18. g3 Bf6 19. Rd1 Ne7 20. 0-0 Nd5 21. Be1 g6 22. Bf2 Bc6 23. Bc2 Bb5 24. Rfe1 Bc4 25. Qa4 Bb5 26. Qb3 Rc7 27. Nc3 Bc4 28. Nxd5 Bxd5 29. Qd3 Qc6 30. Rc1 Bg5 31. f4 Bf6 32. Qf1 Qd6 33. Bd3 Rxc1 34. Rxc1 Bb7 35. Rd1 Qd5 0-1

[Event "Karl Mala Memorial op 10th"]
[Site "Griesheim"]
[Date "2006.07.22"]
[Round "5"]
[White "Ackermann, Johannes"]
[Black "Hennrich, Reinhard"]
[Result "1/2-1/2"]
[WhiteElo "1562"]
[BlackElo "1917"]
[PlyCount "51"]
[EventDate "2006.07.20"]
[EventType "swiss"]
[EventRounds "7"]
[EventCountry "GER"]
[SourceTitle "CBM 113 Extra"]
[Source "ChessBase"]
[SourceDate "2006.09.14"]
[SourceVersion "1"]
[SourceVersionDate "2006.09.14"]
[SourceQuality "1"]

1. e4 c5 2. c3 d6 3. Nf3 Nf6 4. h3 Nc6 5. Bd3 g6 6. 0-0 Bg7 7. Bc2 0-0 8. d4 cxd4 9. cxd4 Nb4 10. Nc3 Nxc2 11. Qxc2 Qc7 12. Be3 Bd7 13. Rac1 Rae8 14. Qd2 Qa5 15. Bh6 Qh5 16. Bxg7 Kxg7 17. Rce1 Bxh3 18. gxh3 Qxf3 19. Kh2 h5 20. Rg1 Ng4+ 21. hxg4 hxg4 22. Rg2 Qh3+ 23. Kg1 Rh8 24. Kf1 Qh1+ 25. Rg1 Qh3+ 26. Rg2 1/2-1/2

[Event "Karl Mala Memorial op 10th"]
[Site "Griesheim"]
[Date "2006.07.22"]
[Round "4"]
[White "Hennrich, Reinhard"]
[Black "Dyga, Ryszard Adam"]
[Result "1-0"]
[WhiteElo "1917"]
[BlackElo "1584"]
[PlyCount "35"]
[EventDate "2006.07.20"]
[EventType "swiss"]
[EventRounds "7"]
[EventCountry "GER"]
[SourceTitle "CBM 113 Extra"]
[Source "ChessBase"]
[SourceDate "2006.09.14"]
[SourceVersion "1"]
[SourceVersionDate "2006.09.14"]
[SourceQuality "1"]

1. d4 d5 2. c4 e6 3. Nc3 Nf6 4. Nf3 c6 5. e3 Bb4 6. Bd3 Nbd7 7. 0-0 0-0 8. Qc2 dxc4 9. Bxc4 Bxc3 10. bxc3 Qc7 11. Ba3 Re8 12. e4 e5 13. Ng5 exd4 14. Bxf7+ Kh8 15. Bxe8 Nxe8 16. Nf7+ Kg8 17. Ng5 Nf8 18. Qb3+ 1-0

[Event "Karl Mala Memorial op 10th"]
[Site "Griesheim"]
[Date "2006.07.21"]
[Round "3"]
[White "Besel, Waldemar"]
[Black "Hennrich, Reinhard"]
[Result "1-0"]
[WhiteElo "2181"]
[BlackElo "1917"]
[PlyCount "113"]
[EventDate "2006.07.20"]
[EventType "swiss"]
[EventRounds "7"]
[EventCountry "GER"]
[SourceTitle "CBM 113 Extra"]
[Source "ChessBase"]
[SourceDate "2006.09.14"]
[SourceVersion "1"]
[SourceVersionDate "2006.09.14"]
[SourceQuality "1"]

1. Nf3 Nf6 2. c4 e6 3. g3 d5 4. Bg2 Be7 5. 0-0 0-0 6. b3 c5 7. cxd5 exd5 8. d4 Nc6 9. Bb2 Bf5 10. dxc5 Bxc5 11. a3 Ne4 12. b4 Qb6 13. e3 Bxe3 14. fxe3 Qxe3+ 15. Kh1 Nf2+ 16. Rxf2 Qxf2 17. Qd2 Qb6 18. Nc3 Be4 19. Nxd5 Bxd5 20. Qxd5 Rad8 21. Qb3 Rfe8 22. Qc3 f6 23. Qc4+ Kh8 24. Rf1 h6 25. Qf4 Ne7 26. Qh4 Nf5 27. Qh5 Ne3 28. Bd4 Qc6 29. Bxe3 Rxe3 30. Ng5 Qe8 31. Nf7+ Kg8 32. Nxh6+ gxh6 33. Qg4+ Kh8 34. Qf4 Qe5 35. Qxh6+ Kg8 36. Qg6+ Kh8 37. Kg1 Qg5 38. Qf7 Qg7 39. Qh5+ Qh7 40. Qc5 Qe7 41. Qh5+ Qh7 42. Qg4 Qh6 43. a4 Rde8 44. Rf4 Qg5 45. Qh3+ Kg7 46. Rg4 Re1+ 47. Bf1 R8e4 48. Rxg5+ fxg5 49. Qd7+ Re7 50. Qd4+ Kg6 51. Kf2 R1e5 52. Bd3+ Kh5 53. h3 Rf7+ 54. Kg2 Rfe7 55. Qd8 Re8 56. Qf6 R5e6 57. g4+ 1-0